000 00478nam a2200181Ia 4500
005 20250508154243.0
008 008 250505s9999 xx 000 0 eng d
037 _aTextual
040 _aFEDL
_beng
_cFEDL
041 _aeng
_2eng
084 _a372.5, PLU
_qFEDL
100 _aPluckrose H
_9496309
245 0 _aFree crafts for juniors
260 _aLondon, UK
_bOldbourne
_c1963
300 _a128p.
942 _cTEXL
_h372.5, PLU
999 _c1349163
_d1349163